'R'-Less European Countries Quiz Stats

 Plays Quiz Updated Dec 4, 2017

Challenge
Share
Tweet
Embed
Score 0/22 Timer 03:00
2 Plays Today
Country % Correct
Spain
95.9%
Italy
93.6%
Sweden
93.2%
Finland
89.8%
Poland
85.5%
Belgium
85.2%
United Kingdom
84.9%
Latvia
80.7%
Lithuania
78.7%
Estonia
78.5%
Iceland
78.2%
Country % Correct
Slovakia
75.9%
Vatican City
75%
Slovenia
73.7%
Albania
72%
Monaco
69.8%
Malta
69.7%
Liechtenstein
67%
Macedonia
64.2%
Kosovo
62.9%
Moldova
62.8%
Czechia
59.4%

You're not logged in!

Compare scores with friends on all Sporcle quizzes.
OR
Log In

You Might Also Like...

Show Comments

Extras

Top Quizzes Today


Score Distribution

Your Account Isn't Verified!

In order to create a playlist on Sporcle, you need to verify the email address you used during registration. Go to your Sporcle Settings to finish the process.

Report this User

Report this user for behavior that violates our Community Guidelines.

Details: